|
|
|
|
| LEADER |
00813nam a22001937a 4500 |
| 008 |
150115b xxu||||| |||| 00| 0 eng d |
| 020 |
|
|
|a 9780000189769
|
| 082 |
|
|
|a 923.2 SUN/ENG
|
| 100 |
|
|
|a സുന്ദരയ്യ, പി.
|
| 240 |
|
|
|a Viplavappatha
|
| 245 |
|
|
|a വിപ്ലവപ്പാത /
|c അശോകന് ഏങ്ങണ്ടിയൂര്
|
| 260 |
|
|
|a കോട്ടയം :
|b സാഹിത്യപ്രവര്ത്തക സഹകരണസംഘം,
|c 2011.
|
| 300 |
|
|
|a 312p.
|
| 650 |
|
|
|a Autobiography
|
| 700 |
|
|
|a Sundarayya, P.
|
| 700 |
|
|
|a Engandiyoor, Asokan
|
| 942 |
|
|
|2 ddc
|c BK
|
| 999 |
|
|
|c 9699
|d 9699
|
| 952 |
|
|
|0 0
|1 0
|2 ddc
|4 0
|6 923_200000000000000_SUNENG
|7 0
|9 13679
|a MAIN
|b MAIN
|d 2015-01-15
|e National Book Stall
|g 220.00
|o 923.2 SUN/ENG
|p 13777
|r 2015-01-15
|t 1
|w 2015-01-15
|y BK
|